| 000 | 01024cam a2200313 4500 | ||
|---|---|---|---|
| 001 | 1773 | ||
| 003 | BD-RjUL | ||
| 005 | 20211208233416.0 | ||
| 008 | 131209s1972 maub b 001 0 eng | ||
| 020 | _a0674924460 | ||
| 035 | _a(BD-RjUL)1800 | ||
| 040 |
_aDLC _cDLC _dDLC _dBD-RjUL _beng |
||
| 041 | _aeng | ||
| 082 | 0 | 0 |
_a954.4 _bBRU 1972 |
| 100 | 1 |
_aBrown, W. Norman _q(William Norman), _d1892-1975. _95871 |
|
| 245 | 1 | 4 |
_aThe United States and India, Pakistan, Bangladesh / _cby W. Norman Brown. |
| 250 | _a[3d ed.] | ||
| 260 |
_aCambridge, _bHarvard University Press, _c1972. |
||
| 300 |
_aix, 462 p. _bmap. _c25 cm. |
||
| 500 | _aPrevious editions published under title: The United States and India and Pakistan. | ||
| 504 | _aBibliography: p. 423-440. | ||
| 651 | 0 |
_aIndia _xHistory _y1947- _95873 |
|
| 651 | 0 |
_aPakistan _xHistory. _95874 |
|
| 651 | 0 |
_aBangladesh _xHistory. _9487 |
|
| 942 |
_2ddc _cBK |
||
| 999 |
_c1773 _d1773 |
||